[Event "Nordic School-chT U16"]
[Site "Tampere"]
[Date "2012.09.08"]
[Round "3.1"]
[White "Eranne, Tomi"]
[Black "Johannesson, Oliver Aron"]
[Result "1-0"]
[WhiteElo "1509"]
[BlackElo "2018"]
[PlyCount "45"]
[EventDate "2012.09.07"]
[EventType "team-swiss"]
[EventRounds "5"]
[EventCountry "FIN"]
[SourceTitle "EXT 2022"]
[Source "ChessBase"]
[SourceDate "2021.10.06"]
[SourceVersion "1"]
[SourceVersionDate "2021.10.06"]
[SourceQuality "1"]

1. g4 d5 2. h3 e5 3. Bg2 c6 4. d4 Nd7 5. c4 dxc4 6. dxe5 Nxe5 7. Qxd8+ Kxd8 8. Bf4 Bd6 9. Bg3 Nf6 10. Nc3 Kc7 11. 0-0-0 h6 12. Nf3 Re8 13. Rxd6 Kxd6 14. Rd1+ Kc5 15. Bxe5 Kb6 16. Na4+ Ka5 17. b3 Nd7 18. Bc7+ Nb6 19. Ne5 Be6 20. Nc5 f6 21. Nxb7+ Ka6 22. Bxc6 fxe5 23. b4 1-0

[Event "EU Union-ch U14 10th"]
[Site "Mureck"]
[Date "2012.08.04"]
[Round "4"]
[White "Wu, Min"]
[Black "Eranne, Tomi"]
[Result "1-0"]
[WhiteElo "1831"]
[BlackElo "1533"]
[PlyCount "72"]
[EventDate "2012.08.01"]
[EventType "swiss"]
[EventRounds "9"]
[EventCountry "AUT"]
[SourceTitle "CBM 149 Extra"]
[Source "ChessBase"]
[SourceDate "2012.08.24"]
[SourceVersion "1"]
[SourceVersionDate "2012.08.24"]
[SourceQuality "1"]

1. e4 c5 2. Nf3 g6 3. c4 Bg7 4. d4 cxd4 5. Nxd4 Nc6 6. Be3 Nf6 7. Nc3 0-0 8. Be2 d6 9. 0-0 Bd7 10. Qd2 Rc8 11. Rac1 Ne5 12. b3 a6 13. f3 Qc7 14. Rfd1 Rfd8 15. Bf1 Qa5 16. Qf2 Bc6 17. Nde2 Nfd7 18. g3 Nc5 19. Nd4 Rf8 20. Nxc6 Nxc6 21. Nd5 Rfe8 22. Rb1 Nd7 23. Bh3 Rcd8 24. b4 Nxb4 25. Nxb4 Nc5 26. Nd3 Na4 27. Rxb7 Rb8 28. Rdb1 Rxb7 29. Rxb7 Qc3 30. Bd7 Rf8 31. Bxa4 Qxd3 32. Rxe7 f5 33. Bb3 fxe4 34. Rxe4 Kh8 35. Kg2 h6 36. Bd4 Ra8 1-0

[Event "EU Union-ch U14 10th"]
[Site "Mureck"]
[Date "2012.08.02"]
[Round "2"]
[White "Eranne, Tomi"]
[Black "Suchomelova, Simona"]
[Result "1-0"]
[WhiteElo "1533"]
[BlackElo "1742"]
[PlyCount "77"]
[EventDate "2012.08.01"]
[EventType "swiss"]
[EventRounds "9"]
[EventCountry "AUT"]
[SourceTitle "CBM 149 Extra"]
[Source "ChessBase"]
[SourceDate "2012.08.24"]
[SourceVersion "1"]
[SourceVersionDate "2012.08.24"]
[SourceQuality "1"]

1. g4 d6 2. h3 Bd7 3. d4 e5 4. dxe5 dxe5 5. Bg2 Nc6 6. Nc3 Bb4 7. Bd2 Nge7 8. a3 Bc5 9. Ne4 Bb6 10. Nf3 0-0 11. Bc3 Ng6 12. e3 Qe7 13. Qe2 Rad8 14. 0-0-0 f6 15. Rdg1 Qf7 16. Kb1 Be6 17. Ned2 Kh8 18. g5 Nge7 19. gxf6 gxf6 20. Nh2 Nd5 21. Bxd5 Bxd5 22. Ndf3 Ba2+ 23. Ka1 Bc4 24. Qe1 Bd5 25. Rg3 Be4 26. Qe2 Qe6 27. Rhg1 Bg6 28. Nh4 Bf7 29. b3 a5 30. Qg4 Qxg4 31. Nxg4 Be6 32. Nf3 Bxg4 33. hxg4 Bc5 34. g5 Be7 35. g6 Kg7 36. gxh7+ Kh8 37. Nh4 Kxh7 38. Rg7+ Kh8 39. Nf5 1-0

[Event "FIN Team Cup"]
[Site "Finland"]
[Date "2012.04.21"]
[Round "2.8"]
[White "Eranne, Tomi"]
[Black "Suseenthiram, Rajaji"]
[Result "1-0"]
[WhiteElo "1509"]
[BlackElo "1806"]
[PlyCount "101"]
[EventDate "2012.03.31"]
[EventType "team-k.o."]
[EventRounds "6"]
[EventCountry "FIN"]
[SourceTitle "EXT 2022"]
[Source "ChessBase"]
[SourceDate "2021.10.06"]
[SourceVersion "1"]
[SourceVersionDate "2021.10.06"]
[SourceQuality "1"]
[WhiteTeam "Espoo MatSK II"]
[BlackTeam "Helsinki I-HSK"]
[WhiteTeamCountry "FIN"]
[BlackTeamCountry "FIN"]

1. e4 c5 2. Nf3 d6 3. d4 cxd4 4. Nxd4 Nf6 5. Nc3 a6 6. Be3 e6 7. Qd2 Qc7 8. 0-0-0 b5 9. g3 b4 10. Nb1 Nxe4 11. Qxb4 d5 12. Qb3 Bb7 13. f3 Nc5 14. Qc3 Bd6 15. Bb5+ Nbd7 16. Bxd7+ Nxd7 17. f4 0-0 18. h4 Rfc8 19. h5 Qb8 20. Qd2 Nf6 21. g4 Ne4 22. Qh2 e5 23. h6 exd4 24. hxg7 Kxg7 25. Qxh7+ Kf8 26. Bxd4 Bxf4+ 27. Nd2 Bxd2+ 28. Rxd2 Nxd2 29. Qh8+ Ke7 30. Qf6+ Kd7 31. Qxf7+ Kc6 32. Rh6+ Kb5 33. Qd7+ Bc6 34. Rxc6 Rxc6 35. Qxd5+ Ka4 36. Qxc6+ Qb5 37. b3+ Ka3 38. Bc5+ Kxa2 39. Qxa8 Nb1 40. Qf8 Qe2 41. Qf2 Qe4 42. c3+ Kxb3 43. Qb2+ Ka4 44. Qc2+ Qxc2+ 45. Kxc2 Na3+ 46. Bxa3 Kxa3 47. g5 a5 48. g6 Ka2 49. g7 a4 50. g8Q+ Ka3 51. Qg1 1-0

[Event "EU Union-ch U14 9th"]
[Site "Mureck"]
[Date "2011.08.03"]
[Round "1"]
[White "Nastase, Robert Paul"]
[Black "Eranne, Tomi"]
[Result "1-0"]
[WhiteElo "1894"]
[BlackElo "1499"]
[PlyCount "113"]
[EventDate "2011.08.03"]
[EventType "swiss"]
[EventRounds "9"]
[EventCountry "AUT"]
[SourceTitle "CBM 143 Extra"]
[Source "ChessBase"]
[SourceDate "2011.08.29"]
[SourceVersion "1"]
[SourceVersionDate "2011.08.29"]
[SourceQuality "1"]

1. e4 c5 2. Nf3 g6 3. d4 cxd4 4. Nxd4 Bg7 5. Be3 Nc6 6. Nc3 Nf6 7. Bd3 0-0 8. 0-0 d5 9. exd5 Nxd5 10. Nxd5 Qxd5 11. c4 Qd8 12. Nxc6 bxc6 13. Qe2 Qc7 14. Rad1 Rb8 15. b3 f5 16. f4 e5 17. fxe5 Bxe5 18. h3 Bd7 19. c5 Rbe8 20. Bc4+ Be6 21. Bh6 Bxc4 22. Qxc4+ Rf7 23. Rfe1 Kh8 24. Rxe5 Rxe5 25. Qd4 Rfe7 26. Bf4 Kg8 27. Qc4+ Kg7 28. Qc3 Kf7 29. Bg3 g5 30. Bxe5 Qxe5 31. Qxe5 Rxe5 32. Rd7+ Re7 33. Rd6 Re6 34. Rd7+ Re7 35. Rd4 Re5 36. b4 Ke7 37. Kf2 h5 38. h4 g4 39. Rd6 Re6 40. Rxe6+ Kxe6 41. Ke3 Ke5 42. g3 a6 43. a3 f4+ 44. gxf4+ Kf5 45. a4 Kf6 46. Ke4 Ke6 47. f5+ Kd7 48. b5 cxb5 49. f6 b4 50. c6+ Kxc6 51. f7 Kc5 52. f8Q+ Kc4 53. Qf7+ Kc3 54. Qxh5 b3 55. Qxg4 b2 56. Qd1 a5 57. h5 1-0